Online Catalogue and eLibrary

Contemporary feminist theatres : (Record no. 3071)

MARC details
000 -LEADER
fixed length control field 00504nam a2200157Ia 4500
005 - DATE AND TIME OF LATEST TRANSACTION
control field 20240925010921.0
008 - FIXED-LENGTH DATA ELEMENTS--GENERAL INFORMATION
fixed length control field 240331s9999 xx 000 0 und d
020 ## - INTERNATIONAL STANDARD BOOK NUMBER
ISBN 0415073065
082 ## - DDC Classification
Item Number - Author Mark GOO
Class No. 792
100 ## - MAIN ENTRY--PERSONAL NAME
Personal name Goodman, L
245 #0 - TITLE STATEMENT
Title Contemporary feminist theatres :
Remainder of title to each her own
260 ## - PUBLICATION, DISTRIBUTION, ETC.
Place of publication, distribution, etc. London
Name of publisher, distributor, etc. Routledge
Date of publication, distribution, etc. 1993
300 ## - PHYSICAL DESCRIPTION
Extent (e.g. Volumes, Pages etc.) xiii, 313 p .,
500 ## - GENERAL NOTE
General note Contemporary Feminist Theatres is the first full evaluation of the forms feminism has taken in the theatre since 1968.
942 ## - Koha item type (Biblio)
Koha item type Books in Stacks (Lending)
Holdings
Lost status Damaged status Collection code Home library Current library Shelving location Date acquired Full call number Accession Number Item type
    Lending WERC Library WERC Library Social Science Cupboard 03/31/2024 792 GOO 5162 Books in Stacks (Lending)

© WERC Library